Geofísica aplicada para ingenieros y geólogos / (Record no. 75773)

MARC details
000 -LEADER
campo de control de longitud fija 00681nam a2200217 i 4500
001 - NÚMERO DE CONTROL
campo de control 75773
003 - IDENTIFICADOR DE NÚMERO DE CONTROL
campo de control ES-MaACL
005 - FECHA Y HORA DE LA ÚLTIMA TRANSACCIÓN
campo de control 20230906172606.0
007 - CAMPO FIJO DE DESCRIPCIÓN FÍSICA--INFORMACIÓN GENERAL
campo de control de longitud fija t|
008 - DATOS DE LONGITUD FIJA--INFORMACIÓN GENERAL
campo de control de longitud fija 040927s1972 sp ||||1| spa d
100 1# - ENTRADA PRINCIPAL--NOMBRE DE PERSONA
Nombre de persona Griffiths, D. H.
9 (RLIN) 60011
245 10 - MENCIÓN DEL TÍTULO
Título Geofísica aplicada para ingenieros y geólogos /
Mención de responsabilidad, etc. D. H. Griffiths, R. F. King ; traducción y notas de Angel Río de la Cruz.
260 ## - PUBLICACIÓN, DISTRIBUCIÓN, ETC.
Lugar de publicación, distribución, etc. Madrid :
Nombre del editor, distribuidor, etc. Paraninfo,
Fecha de publicación, distribución, etc. 1972.
300 ## - DESCRIPCIÓN FÍSICA
Extensión 231 p. ;
Dimensiones 22 cm.
500 ## - NOTA GENERAL
Nota general Indice.
504 ## - NOTA DE BIBLIOGRAFÍA, ETC.
Nota de bibliografía, etc. Bibliografía.
700 1# - ENTRADA AGREGADA--NOMBRE PERSONAL
Nombre de persona King, R. F.
9 (RLIN) 68065
700 1# - ENTRADA AGREGADA--NOMBRE PERSONAL
Nombre de persona Río de la Cruz, Ángel.
9 (RLIN) 97320
852 ## - LOCALIZACIÓN
Ubicación ES-MaACL
Número de control de estantería G-9159
Sublocalización o colección R.114592
852 ## - LOCALIZACIÓN
Ubicación ES-MaACL
Número de control de estantería C-42628
Sublocalización o colección R.81255
Holdings
Estatus retirado Estado de pérdida Estado de daño No para préstamo Biblioteca de origen Biblioteca actual Ubicación en estantería Fecha de adquisición Fuente de adquisición Total de préstamos Signatura topográfica completa Código de barras Visto por última vez Precio de reemplazo Tipo de ítem Koha
        Biblioteca del Ateneo de Madrid Biblioteca del Ateneo de Madrid Depósito 2 17/01/2008     C-42628 1079310 23/02/2023 23/02/2023 Libro impreso
        Biblioteca del Ateneo de Madrid Biblioteca del Ateneo de Madrid Sala Pecera Planta 3 17/01/2008     G-9159 1079309 23/02/2023 23/02/2023 Libro impreso